000 00548nam a2200217Ia 4500
003 OSt
005 20230515153743.0
008 210423s2010 xx 000 0 und d
020 _a9780763759155
040 _cAL
041 _aeng
082 _a574.87322
_223
_bLEWB
100 _aLEWIN (Benjamin);others.
_9104401
245 _aLewins essential genes.
250 _a2
260 _aBoston
_bJones & Bartlett Publishers
_c2010
300 _axxi,809
_bPB
365 _b2450
_cINR
906 _aessential ; genes. ; Lewins
942 _2ddc
_cBK
999 _c164395
_d164395